000 01043nam a2200265 a 4500
001 ASIN1741143225
005 20170105102928.0
008 131213s2006 xxu eng d
020 _a1741143225 (paperback)
_c$19.95
020 _a9781741143225 (paperback)
040 _a0
050 0 4 _aPN4784.R38
082 0 4 _a025.524
_bFOG 2006
100 1 _aFogg, Christine.
245 1 0 _aRelease the hounds :
_ba guide to research for journalists and writers /
_cChristine Fogg, Bruce Grundy.
260 _a[S.l.] :
_bAllen & Unwin,
_c2006.
300 _a264 p. ;
_c20 cm.
520 _aFrom finding and identifying Internet resources to investigating the people responsible for them, this guide takes journalists and writers through the challenging process of online research.
650 0 _aInformation retrieval
650 0 _aMass media--Information services
650 0 _aMass media--Research
700 1 _aGrundy, Bruce.
856 4 0 _3Amazon.com
_uhttp://www.amazon.com/exec/obidos/ASIN/1741143225/chopaconline-20
942 _2ddc
_cBK
999 _c15902
_d15902